| 000 | 00548aam a2200205 4500 | ||
|---|---|---|---|
| 005 | 20200110133120.0 | ||
| 008 | 150416b xxu||||| |||| 00| 0 spa d | ||
| 041 | _aspa | ||
| 082 | _a398.9 P123d3 | ||
| 100 |
_aPadilla Monge, Ma. Mayela _933947 |
||
| 245 | _aDichos y refránes de los ticos | ||
| 250 | _a3 edición | ||
| 260 |
_aCosta Rica _bJB Hermanos _c2007 |
||
| 300 | _a200 páginas | ||
| 650 |
_aCOSTA RICA _957274 |
||
| 650 |
_aREFRÁNES _920357 |
||
| 650 |
_aFOLCLÓR _97787 |
||
| 650 |
_aDICHOS COSTARRICENSES _957275 |
||
| 942 | _cBK | ||
| 999 |
_c12542 _d12542 |
||